000 00508nam a22001937a 4500
003 MPLRDC
005 20220104144155.0
008 210129b ||||| |||| 00| 0 eng d
020 _a7-200-04078-9
082 _a859.6 XDDW v.2
100 _a厄尼斯特.汤.西顿 著
245 _a雷鸟红领子
_c东方编辑部 译
250 _a一版一刷
260 _a
_b北京出版社
_c2000
300 _b
490 _a西顿动物文学经典
650 _a动物故事
942 _cBK
_o859.6 XDDW v.2
999 _c47086
_d47076